Culture Générale - Série 179 - Statistiques

Statistiques générales
  • Ce quiz a été pris 350 fois
  • Le résultat moyen est 6 sur 10
Statistiques - réponses
Question Réponse % Correct
Quelle est, en degrés centigrades, la température d'ébullition de l'eau ? 100 degrés
96%
En combien de mois le calendrier grégorien est-il divisé ? 12
96%
Quelle partie du corps plume-t-on en premier dans la chanson "Alouette" ? Tête
89%
Dans quel fleuve le Gers se jette-t-il ? Garonne
84%
Quel pays vécut sous le joug de Nicolae Ceausescu de 1965 à 1989 ? Roumanie
80%
Avec quel ex-Beatles M. Jackson a-t-il chanté "Say, Say, Say" en 1983 ? Paul McCartney
54%
Dans quelle chanson Charles Aznavour nous invite-t-il à "voir les magiciens" ? Les Comédiens
34%
Quel tube cylindrique reçoit le culot d'une ampoule électrique ? Douille
29%
En 2005, qui piège l'équipe de France de football en imitant Jacques Chirac ? Gérald Dahan
17%
En 2000, quelle industrie Al Pacino combat-il dans le film "Révélations" ? Tabac
12%
Aucun quiz correspondant
Distribution des résultats
% des personnes avec chaque résultat
Percentile par nombre de réponses
Votre historique - résultats
Vous n’avez pas pris ce quiz